Restrictive business practices relating to patents and licences
Gespeichert in:
| Format: | Buch |
|---|---|
| Sprache: | Undetermined |
| Veröffentlicht: |
Paris
OECD
1972
|
| Schlagworte: | |
| Tags: |
Tag hinzufügen
Keine Tags, Fügen Sie den ersten Tag hinzu!
|
| Thư viện lưu trữ: | Trung tâm Học liệu Trường Đại học Cần Thơ |
|---|
| LEADER | 00433nam a2200157Ia 4500 | ||
|---|---|---|---|
| 001 | CTU_86961 | ||
| 008 | 210402s9999 xx 000 0 und d | ||
| 082 | |a 338.82 | ||
| 082 | |b R438 | ||
| 245 | 0 | |a Restrictive business practices relating to patents and licences | |
| 260 | |a Paris | ||
| 260 | |b OECD | ||
| 260 | |c 1972 | ||
| 650 | |a Restraint of trade | ||
| 904 | |i Tuyến | ||
| 980 | |a Trung tâm Học liệu Trường Đại học Cần Thơ | ||